000 00482nam a2200181Ia 4500
008 240925s9999 xx 000 0 und d
020 _a471617172
082 _a621.31042 SEN
100 _aSen , P.C
245 0 _aPrinciples of Electric Machines and Power Electronics
250 _aNA
260 _aNew York:
_bJohn Wiley & Sons
_cNA
300 _axix,843p.
_bNA
_fOriginal
500 _aIncludes Index
600 _aElectronic Engineering
650 _aTechnology
942 _cBK
999 _c2616
_d2616